| 000 | 006510000a22001810004500 | ||
|---|---|---|---|
| 003 | MACL | ||
| 005 | 20160515163832.0 | ||
| 008 | 160515b xxu||||| |||| 00| 0 eng d | ||
| 040 |
_aMACL _cMACL |
||
| 041 | _aHindi | ||
| 082 | _a891.433 KAU | ||
| 100 |
_aकौशिक, अशोक _957472 |
||
| 245 |
_aदुलहिन का घूंघट तथा अन्य इस्रायली कहानियां _cअशाेक कौशिक |
||
| 260 |
_bस्टार पब्लिकेशंज _c1994 _aनई दिल्ली |
||
| 350 | _a125 | ||
| 650 |
_aStories _957473 |
||
| 942 |
_cHIN _k891.433/KAU/S _2ddc |
||
| 999 |
_c20074 _d20074 |
||